000 00464nam a2200145Ia 4500
008 240729s9999 xx 000 0 und d
022 _a2474-3542
245 0 _aInternational Journal of Librarianship (IJoL)
260 _aUnited States
260 _bChinese American Librarians Association
650 _aBibliography. Library science. Information resources
856 _uhttps://doaj.org/toc/abaa3121fab447fcbbb1e7c075fe84fd
942 _2ddc
942 _cDOAJEJ
999 _c70935
_d70935
945 _a1
_bMadushi Gamage
_c1
_dMadushi Gamage